Bibliografía sobre urbanización, marginalidad y vivienda en El Salvador: 1960-1976 /
Bewaard in:
| Hoofdauteur: | |
|---|---|
| Andere auteurs: | |
| Formaat: | Texto |
| Gepubliceerd in: |
San Salvador
|
| Tags: |
Voeg label toe
Geen labels, Wees de eerste die dit record labelt!
|
MARC
| LEADER | 00000 a a2200000 04500 | ||
|---|---|---|---|
| 001 | 21515 | ||
| 003 | |||
| 040 | |||
| 090 | |a 095102 | ||
| 100 | |a Escobar Castro, Raúl | ||
| 245 | |a Bibliografía sobre urbanización, marginalidad y vivienda en El Salvador: 1960-1976 / |c Raúl Escobar Castro | ||
| 260 | |a San Salvador | ||
| 300 | |a 73 p; v. 2 | ||
| 700 | |a Harth, Alberto |a Safie, María M. | ||
| 999 | |c 11101 |d 11101 | ||
